000 01171cab a2200373 4500
001 ABS52273
008 090401t1995 xxu||||| |||| 00| 0 eng d
035 _a(Sirsi) u69920
041 _aeng
100 _aTeale, M.
245 _aReviewing retail rent reviews by audit
260 _c1995
350 _a0
490 _aJournal of Property Valuation and Investment
_v13(1) January 1995, 66-81(16)
520 _aReports on two trading audits carried out at Brent Cross and Metrocentre to measure the accuracy of valuations carried out at rental reviews.
650 _aACCURACY
650 _aCONSISTENCY
650 _aCOSTS
650 _aHYPOTHETICAL TENANT
650 _aLEASE TERMS
650 _aOPEN MARKET VALUE
650 _aRENT REVIEWS
650 _aRESIDUAL VALUE
650 _aRETAIL RENTS
650 _aSHOPPING CENTRES
650 _aTRADING AUDITS
650 _aTRADING LOCATION
650 _aVALUATION APPROACH
650 _aValuation
_96273
690 _aPROPERTY-COMMERCIAL PROPERTY-RETAIL PROPERTY
690 _aPROPERTY-COMMERCIAL PROPERTY-COMMERCIAL PROPERTY APPRAISAL AND VALUATION
942 _n0
948 _c04/03/1997
999 _c43970
_d43970